000 00359nam a22001577a 4500
003 MPLRDC
005 20220104142411.0
008 210129b ||||| |||| 00| 0 eng d
082 _a857.9 GL-129
100 _a古龙
245 _a霸王枪
_c
260 _a
_b快泽图书公司
_c
300 _b
650 _a武侠小说
942 _cBK
_o857.9 GL-129
999 _c30587
_d30577